000 00683nam a22002297a 4500
003 OSt
005 20140310184420.0
008 131008t xxu||||| |||| 00| 0 eng d
020 _a0545021375
050 _aPZ 7
_b.St857Raa 2009
100 _aStilton, Geronimo
245 _aThe Race Across America /
_cStilton, Geronimo
260 _aNew York :
_bScholastic Inc.,
_c2009.
300 _a110p. :
_bcol. ill. ;
521 _aG4
526 _c670
650 _aStilton, Geronimo (Fictitious character)
_xJuvenile fiction.
_926639
650 _aMice
_xJuvenile fiction.
_926640
650 _aBicycle racing
_xJuvenile fiction.
_926641
942 _2lcc
_cBK-SCHOLAS
999 _c34219
_d34219